000 00277nam a2200133Ia 4500
100 _aBootle./ S.K.
942 _cBK
654 _aTurbo C
245 _aMastering Turbo C
260 _bBPB Publication
_aDelhi
_c1993
082 _a005.13 'U'
546 _aENGLISH
999 _c23878
_d23878